Principles of Risk Management and Insurance (Record no. 2126)

MARC details
000 -LEADER
fixed length control field 00441nam a22001817a 4500
005 - DATE AND TIME OF LATEST TRANSACTION
control field 20180719144101.0
008 - FIXED-LENGTH DATA ELEMENTS--GENERAL INFORMATION
fixed length control field 160530b xxu||||| |||| 00| 0 eng d
020 ## - INTERNATIONAL STANDARD BOOK NUMBER
ISBN 81-7758-105-8
041 ## - LANGUAGE CODE
Language code of text/sound track or separate title eng
082 ## - DEWEY DECIMAL CLASSIFICATION NUMBER
Item number 6028
Classification number 658.155
100 ## - MAIN ENTRY--AUTHOR NAME
Personal name Rejda, George E
245 ## - TITLE STATEMENT
Title Principles of Risk Management and Insurance
250 ## - EDITION STATEMENT
Edition statement 9th ed.
260 ## - PUBLICATION, DISTRIBUTION, ETC. (IMPRINT)
Name of publisher Pearsons
Year of publication 2007
300 ## - PHYSICAL DESCRIPTION
Number of Pages 753p,
650 ## - SUBJECT ADDED ENTRY--TOPICAL TERM
Topical Term Management
942 ## - ADDED ENTRY ELEMENTS (KOHA)
Koha item type Books
Holdings
Lost status Damaged status Collection code Home library Current library Shelving location Date acquired Cost, normal purchase price Full call number Accession Number Koha item type
    MANAGEMENT JRU Library JRU Library SHELF- 66 H 30/05/2016 425.00 658.155 6028 Books